Priemyselná politika verzus veda... 2

Uplatnenie štátnej hospodárskej stratégie SR z hľadiska vedecko-technického pokroku. Kombinácia horizontálnych a vertikálnych nástrojov priemyselnej politiky SR. Daňové úľavy. Definovanie pojmu výkony vedy. Názory z Českej republiky o tvorbe priemyselnej politiky.

Guardado en:
Detalles Bibliográficos
Autor principal: Jemala, Ľubomír
Formato: Capítulo de libro
Lenguaje:eslovaco
Materias:
Etiquetas: Agregar Etiqueta
Sin Etiquetas, Sea el primero en etiquetar este registro!

MARC

LEADER 00000naa a2200000 4500
001 r020449
005 20230801103356.2
041 0 |a slo 
044 |a SK 
245 1 0 |a Priemyselná politika verzus veda... 2  |c Ľ. Jemala 
520 |a Uplatnenie štátnej hospodárskej stratégie SR z hľadiska vedecko-technického pokroku. Kombinácia horizontálnych a vertikálnych nástrojov priemyselnej politiky SR. Daňové úľavy. Definovanie pojmu výkony vedy. Názory z Českej republiky o tvorbe priemyselnej politiky. 
610 2 0 |a Slovensko 
610 2 0 |a Česko 
610 2 0 |a 1994-2000 
610 2 0 |a politika priemyselná 
610 2 0 |a veda 
610 2 0 |a stratégia hospodárska 
610 2 0 |a úľavy daňové 
100 1 |a Jemala, Ľubomír